Exercícios de Matemática: Matemática

Guardado en:
Detalles Bibliográficos
Autor principal: Faria, Maria Luísa Monteiro
Otros Autores: Neves, M. Augusta Ferreira
Formato: Desconocido
Lenguaje:portugués
Publicado: Porto Porto Editora imp. 2002
Edición:[1ª ed.
Catálogo:MANES:  Resultados de Búsqueda del Catálogo
Clasificación de libros de texto:
Etiquetas: Agregar Etiqueta
Sin Etiquetas, Sea el primero en etiquetar este registro!
Añadido a:2016-04-26
Cambiado en:2025-04-25

MARC

LEADER 000000000a22000000004500
001 28351
003 OSt
005 20250425111451.0
008 160427s pt ||||| |||| 00| 0 por d
040 |c centro_manes 
041 1 |a por 
100 1 |a Faria, Maria Luísa Monteiro  |9 15400 
245 0 0 |a Exercícios de Matemática: Matemática 
250 |a [1ª ed. 
260 3 |a Porto  |b Porto Editora  |c imp. 2002 
300 |a 3 v.;  |c 27 cm 
500 |a 1º v.  |a 1º v.: Probabilidades, 176 p.  |a 2º v.  |a 3º v. 
561 |5 pt-BNP  |a Portugal. Biblioteca Nacional de Portugal  |k MANES 
690 0 |a MATE 
691 |a SE 
700 1 |a Neves, M. Augusta Ferreira  |9 15056 
942 |2 ddc  |c BK 
546 |a Portugal 
999 |c 29813  |d 29813 
999 |c manes:29813  |d 29813